Taxila and the western world / (Record no. 1874)
[ view plain ]
| 000 -LEADER | |
|---|---|
| fixed length control field | 00338 a2200097 4500 |
| 082 ## - DEWEY DECIMAL CLASSIFICATION NUMBER | |
| Classification number | 934.04 DAR |
| 100 ## - MAIN ENTRY--PERSONAL NAME | |
| Personal name | Ḍār, Saifurraḥmān. |
| 245 ## - TITLE STATEMENT | |
| Title | Taxila and the western world / |
| Statement of responsibility, etc. | by Saifur Rahman Dar. |
| 250 ## - EDITION STATEMENT | |
| Edition statement | Rev. ed. |
| 260 ## - PUBLICATION, DISTRIBUTION, ETC. | |
| Place of publication, distribution, etc. | Lahore : |
| Name of publisher, distributor, etc. | Library and Information Management Academy, |
| Date of publication, distribution, etc. | 1998. |
| 300 ## - PHYSICAL DESCRIPTION | |
| Extent | xxix, 300, xxxix p. : |
| Other physical details | ill. (some col.), maps ; |
| Dimensions | 24 cm. |
| Withdrawn status | Lost status | Damaged status | Not for loan | Permanent Location | Current Location | Shelving location | Date acquired | Total Checkouts | Full call number | Barcode | Date last seen | Price effective from | Koha item type |
|---|---|---|---|---|---|---|---|---|---|---|---|---|---|
| School of Civil and Environmental Engineering (SCEE) | School of Civil and Environmental Engineering (SCEE) | 934.04 DAR | NIT-610 | 01/05/2017 | 01/05/2017 | Book |
